[Event "4NCL Division Three Knights"]
[Site "Warwick, ENG"]
[Date "2024.01.13"]
[Round "3.14"]
[White "Brixel, Christof"]
[Black "Trevelyan, John"]
[Result "1-0"]
[WhiteElo "1983"]
[BlackElo "1874"]
[PlyCount "101"]
[EventDate "2024.01.13"]
[WhiteTeam "Celtic Tigers 2"]
[BlackTeam "Rhyfelwyr Essyllwg"]

1. e4 d6 2. d4 Nf6 3. Nc3 Nbd7 4. Nf3 e5 5. h3 Be7 6. Be3 c6 7. a4 h6 8. Qd2 Nh7 9. dxe5 dxe5 10. Bc4 Ng5 11. Qe2 O-O 12. Rd1 Nxf3+ 13. Qxf3 Bg5 14. O-O Bxe3 15. Qxe3 Qb6 16. Qg3 Qc5 17. Bb3 Nf6 18. Qh4 Kh7 19. g4 g5 20. Qg3 Bd7 21. Rd3 Qe7 22. Rfd1 Rad8 23. Qe3 b6 24. f3 Be6 25. Bxe6 fxe6 26. Kg2 Kg7 27. a5 Qc7 28. axb6 axb6 29. Qd2 Rde8 30. h4 gxh4 31. Rh1 Rh8 32. Rxh4 Reg8 33. Kf1 Qe7 34. Rh2 Kg6 35. Ne2 Rf8 36. Ke1 Rd8 37. Rxd8 Qxd8 38. Rxh6+ Kf7 39. Qxd8 Rxd8 40. Rh2 Ng8 41. Nc1 Ne7 42. Rh7+ Ke8 43. Nd3 Ng6 44. Rg7 Nf4 45. Rg8+ Ke7 46. Rxd8 Kxd8 47. Nxf4 exf4 48. Kd2 e5 49. Kc3 Kd7 50. Kb4 Kc7 51. c4 1-0

[Event "4NCL Division Three Knights"]
[Site "Warwick, ENG"]
[Date "2024.01.13"]
[Round "3.16"]
[White "Yedid, Lior"]
[Black "Wagner, Guy"]
[Result "1-0"]
[WhiteElo "1777"]
[BlackElo "1752"]
[PlyCount "97"]
[EventDate "2024.01.13"]
[WhiteTeam "Celtic Tigers 2"]
[BlackTeam "Rhyfelwyr Essyllwg"]

1. e4 e6 2. d4 d5 3. Bd3 c5 4. exd5 exd5 5. Nf3 c4 6. Be2 Nf6 7. b3 cxb3 8. axb3 Bd6 9. O-O Bg4 10. c4 O-O 11. Bg5 Nbd7 12. Nc3 h6 13. Bh4 Qb8 14. Bg3 Bxg3 15. fxg3 Be6 16. c5 Rc8 17. Nh4 b6 18. Ba6 bxc5 19. Bxc8 Qxc8 20. Rc1 cxd4 21. Nxd5 Qb7 22. Nxf6+ Nxf6 23. Qxd4 Qxb3 24. Nf5 Qb6 25. Nxh6+ gxh6 26. Qxb6 axb6 27. Rxf6 Kg7 28. Rf2 b5 29. Rb2 Bc4 30. Kf2 Re8 31. Rd1 Re6 32. Rd4 Rf6+ 33. Rf4 Rd6 34. g4 Rd2+ 35. Kg3 Rd5 36. Kh4 Re5 37. Rf5 Re4 38. Kh5 Be2 39. h3 Bc4 40. Rc5 Re3 41. Rf2 Re7 42. Rc6 Re5+ 43. Rf5 Re4 44. Rxh6 b4 45. Rb6 b3 46. Rf2 Re3 47. Rb2 Rc3 48. Rc6 Rc2 49. Rxc2 1-0

[Event "4NCL Division Three Knights"]
[Site "Warwick, ENG"]
[Date "2024.01.13"]
[Round "3.21"]
[White "Ciuravin, Andrei"]
[Black "Robson, Ian A"]
[Result "1/2-1/2"]
[WhiteElo "2170"]
[BlackElo "2052"]
[PlyCount "216"]
[EventDate "2024.01.13"]
[WhiteTeam "Hull & East Riding Tigers"]
[BlackTeam "Wotton Hall"]

1. d4 d5 2. c4 e6 3. Nc3 Nf6 4. cxd5 exd5 5. Bg5 Be7 6. e3 O-O 7. Bd3 c6 8. Qc2 Nbd7 9. Nge2 h6 10. Bh4 Re8 11. O-O Ne4 12. Bxe7 Qxe7 13. Rae1 Ndf6 14. f3 Nxc3 15. Nxc3 Qd6 16. Qd2 Be6 17. Rc1 Re7 18. Rfe1 Rae8 19. a3 h5 20. Qf2 Qd7 21. Na4 Bf5 22. Nc5 Qc8 23. Bf1 Nd7 24. b4 Nxc5 25. Rxc5 Bg6 26. b5 Qe6 27. bxc6 bxc6 28. Qb2 Qd6 29. Qc3 Re6 30. Qd2 Qe7 31. Rc3 Rb8 32. Qc1 Rb1 33. Qd2 Rxe1 34. Qxe1 c5 35. dxc5 d4 36. Rc1 dxe3 37. c6 Qc7 38. Bb5 a6 39. Ba4 Bd3 40. Qg3 Re7 41. Qxc7 Rxc7 42. Rc3 Bb5 43. Bxb5 axb5 44. Kf1 Kf8 45. Ke2 Ke7 46. Rc5 Kd6 47. Rxb5 Rxc6 48. Kxe3 Rc3+ 49. Kf2 Rxa3 50. Rxh5 Ke6 51. g4 f6 52. Rb5 Ra7 53. h4 Kf7 54. Rb6 Ra2+ 55. Kg3 Ra7 56. g5 Ra1 57. Kg4 Ra4+ 58. f4 fxg5 59. hxg5 g6 60. Rb7+ Kf8 61. Kf3 Rc4 62. Ke3 Ra4 63. Rd7 Rb4 64. Rd4 Rb1 65. Ke4 Re1+ 66. Kd5 Kf7 67. Re4 Ra1 68. Rb4 Rd1+ 69. Rd4 Ra1 70. Kd6 Rc1 71. Kd5 Ra1 72. Ke5 Re1+ 73. Re4 Ra1 74. Rc4 Re1+ 75. Kd4 Rd1+ 76. Ke3 Re1+ 77. Kf2 Ra1 78. Rc6 Ra3 79. Rc7+ Ke6 80. Rc5 Rb3 81. Re5+ Kf7 82. Re3 Rb1 83. Ra3 Ke6 84. Ra5 Rb3 85. Ke2 Rc3 86. Re5+ Kf7 87. Re3 Rc4 88. Kf3 Ra4 89. Rc3 Rb4 90. Rc7+ Kf8 91. Rc6 Kf7 92. Rf6+ Kg7 93. Kg4 Ra4 94. Rd6 Kf7 95. Rd7+ Kf8 96. Kf3 Rb4 97. Ke3 Ra4 98. Rd4 Ra1 99. Rb4 Re1+ 100. Kd4 Kf7 101. Kd5 Rd1+ 102. Rd4 Rc1 103. Ke5 Re1+ 104. Re4 Ra1 105. Re3 Ra5+ 106. Ke4 Ra4+ 107. Kf3 Ra1 108. Re2 Ra3+ 1/2-1/2

[Event "4NCL Division Three Knights"]
[Site "Warwick, ENG"]
[Date "2024.01.13"]
[Round "3.22"]
[White "Ashworth, Michael"]
[Black "Larchikov, Maksym"]
[Result "1/2-1/2"]
[WhiteElo "2002"]
[BlackElo "2115"]
[PlyCount "63"]
[EventDate "2024.01.13"]
[WhiteTeam "Wotton Hall"]
[BlackTeam "Hull & East Riding Tigers"]

1. d4 d5 2. c4 e6 3. Nc3 Nf6 4. cxd5 exd5 5. Bg5 Be7 6. e3 c6 7. Bd3 O-O 8. Qc2 Nbd7 9. Nf3 Re8 10. O-O h6 11. Bh4 Ne4 12. Bxe7 Qxe7 13. b4 Qxb4 14. Bxe4 dxe4 15. Nxe4 Qe7 16. Ned2 Nf6 17. Rfc1 Ne4 18. Nxe4 Qxe4 19. Qxe4 Rxe4 20. Rab1 Re7 21. Rc5 Be6 22. a4 Bd5 23. Ne5 f6 24. Nd3 Be4 25. Rb3 b6 26. Rcc3 Rd8 27. h3 Bxd3 28. Rxd3 Rd5 29. Rdc3 Re6 30. Rb4 Kf7 31. Rbc4 Rdd6 32. Kf1 1/2-1/2

[Event "4NCL Division Three Knights"]
[Site "Warwick, ENG"]
[Date "2024.01.13"]
[Round "3.23"]
[White "Hodge, Steve R"]
[Black "Ashworth, Robert"]
[Result "1-0"]
[WhiteElo "2023"]
[BlackElo "1877"]
[PlyCount "75"]
[EventDate "2024.01.13"]
[WhiteTeam "Hull & East Riding Tigers"]
[BlackTeam "Wotton Hall"]

1. e4 e5 2. Nf3 Nc6 3. Bb5 a6 4. Ba4 Nf6 5. Qe2 b5 6. Bb3 Be7 7. O-O O-O 8. c3 d6 9. Rd1 Na5 10. Bc2 c5 11. d4 Qc7 12. d5 Bg4 13. h3 Bh5 14. b3 Nd7 15. g4 Bg6 16. Nbd2 Nb6 17. Nf1 Qd7 18. Ng3 c4 19. Be3 Bd8 20. b4 Nb7 21. Nf5 Bxf5 22. gxf5 a5 23. a3 Qc7 24. Kh1 h6 25. Rg1 Kh7 26. Nh2 axb4 27. Rxg7+ Kxg7 28. Qg4+ Bg5 29. Bxg5 f6 30. Bxh6+ Kh8 31. Bxf8 Rxf8 32. axb4 Qg7 33. Qh5+ Qh7 34. Qxh7+ Kxh7 35. Ra6 Nc8 36. Rc6 Kg7 37. Rc7+ Rf7 38. Rxc8 1-0

[Event "4NCL Division Three Knights"]
[Site "Warwick, ENG"]
[Date "2024.01.13"]
[Round "3.24"]
[White "Moldovan, Alexandru-Mitic"]
[Black "Vleeshhouwer, Douglas"]
[Result "1-0"]
[WhiteElo "1828"]
[BlackElo "1978"]
[PlyCount "65"]
[EventDate "2024.01.13"]
[WhiteTeam "Wotton Hall"]
[BlackTeam "Hull & East Riding Tigers"]

1. e4 c5 2. Nf3 e6 3. d4 cxd4 4. c3 Nf6 5. Bd3 dxc3 6. Nxc3 Bb4 7. O-O h6 8. e5 Bxc3 9. bxc3 Nd5 10. c4 Nb4 11. Be4 N8c6 12. Be3 Qe7 13. Qd2 Na6 14. Rac1 Nc5 15. Bb1 b6 16. Nd4 Nxd4 17. Qxd4 Bb7 18. Qg4 O-O-O 19. Rfd1 f5 20. Qe2 Kb8 21. Rd6 Rc8 22. Rcd1 Rhd8 23. f3 Rc7 24. Bc2 g5 25. a4 Ka8 26. Qd2 Bc8 27. a5 Rb7 28. axb6 axb6 29. Qb4 Kb8 30. Rxb6 Rxb6 31. Qxb6+ Nb7 32. Qa7+ Kc7 33. Rd6 1-0

[Event "4NCL Division Three Knights"]
[Site "Warwick, ENG"]
[Date "2024.01.13"]
[Round "3.25"]
[White "Collinson, Mark I"]
[Black "Maclannan, Richard"]
[Result "0-1"]
[WhiteElo "1950"]
[BlackElo "1739"]
[PlyCount "62"]
[EventDate "2024.01.13"]
[WhiteTeam "Hull & East Riding Tigers"]
[BlackTeam "Wotton Hall"]

1. d4 Nf6 2. c4 e6 3. g3 Bb4+ 4. Bd2 Qe7 5. Bg2 d5 6. Nc3 Bxc3 7. Bxc3 b6 8. Nf3 O-O 9. O-O Nbd7 10. Ne5 Bb7 11. Rc1 Rfd8 12. cxd5 Nxe5 13. d6 cxd6 14. dxe5 dxe5 15. Qa4 Bxg2 16. Kxg2 Rd5 17. f4 b5 18. Qa5 exf4 19. Rxf4 Rc8 20. Rcf1 Qc7 21. e4 Qxa5 22. Bxa5 Rd4 23. e5 Rxf4 24. gxf4 Nd5 25. Rd1 g6 26. Bd2 h5 27. a3 Rc4 28. b3 Rc2 29. Kf2 Nc3 30. Rc1 Rxd2+ 31. Ke3 Rxh2 0-1

[Event "4NCL Division Three Knights"]
[Site "Warwick, ENG"]
[Date "2024.01.13"]
[Round "3.26"]
[White "Norris, Zack"]
[Black "Thompson, Keith"]
[Result "1-0"]
[WhiteElo "1608"]
[BlackElo "1884"]
[PlyCount "75"]
[EventDate "2024.01.13"]
[WhiteTeam "Wotton Hall"]
[BlackTeam "Hull & East Riding Tigers"]

1. d4 d5 2. c4 e6 3. Nc3 Nf6 4. Bg5 Be7 5. Nf3 h6 6. Bf4 O-O 7. e3 a6 8. a3 dxc4 9. Bxc4 Nbd7 10. O-O b5 11. Ba2 c5 12. d5 exd5 13. Bxd5 Nxd5 14. Nxd5 Bf6 15. Bd6 Bxb2 16. Ra2 Bf6 17. Bxf8 Nxf8 18. e4 Bg4 19. Rd2 Bd4 20. h3 Bxf3 21. Qxf3 Ng6 22. Qg3 Qa5 23. Rd3 Re8 24. Rf3 Be5 25. Qg4 Bd4 26. Qf5 Ne5 27. Rg3 Ng6 28. Kh2 Qd2 29. Kg1 Qc2 30. Rg4 Qd3 31. h4 Re5 32. Qc8+ Kh7 33. Qb7 Qe2 34. Qxf7 Rg5 35. Rxg5 hxg5 36. hxg5 Qxe4 37. Nf6+ Bxf6 38. gxf6 1-0

[Event "4NCL Division Three Knights"]
[Site "Warwick, ENG"]
[Date "2024.01.13"]
[Round "3.31"]
[White "Cooksey, Paul S"]
[Black "Farrand, Tom"]
[Result "1-0"]
[WhiteElo "2336"]
[BlackElo "2149"]
[PlyCount "81"]
[EventDate "2024.01.13"]
[WhiteTeam "Crowthorne A"]
[BlackTeam "CSC/Kingston 2"]

1. d4 e6 2. Nf3 f5 3. c4 Nf6 4. e3 Bb4+ 5. Nbd2 b6 6. a3 Bxd2+ 7. Nxd2 Bb7 8. f3 Qe7 9. b3 e5 10. d5 d6 11. Bb2 Nbd7 12. Qc2 g6 13. Be2 a5 14. Nb1 b5 15. Nc3 bxc4 16. Bxc4 O-O 17. O-O Nb6 18. Rfd1 h6 19. Rac1 Kh7 20. Rd2 Nh5 21. Bf1 Rac8 22. Qd1 Qg5 23. Qe1 Qe7 24. Bb5 Nf6 25. Qd1 Rfd8 26. Be2 Rf8 27. a4 Ne8 28. Bf1 Qg5 29. Qe1 c6 30. dxc6 Bxc6 31. Ba3 Bxf3 32. Bxd6 Rf6 33. Bxe5 Rfc6 34. Bb5 Rc5 35. Bd4 Rxc3 36. Rxc3 Rxc3 37. Bxc3 Nd5 38. Bxe8 Nxc3 39. Rf2 Ne2+ 40. Rxe2 Bxe2 41. Qxe2 1-0

[Event "4NCL Division Three Knights"]
[Site "Warwick, ENG"]
[Date "2024.01.13"]
[Round "3.32"]
[White "Frostick, Clive A"]
[Black "Webb, Richard M"]
[Result "1/2-1/2"]
[WhiteElo "2119"]
[BlackElo "2159"]
[PlyCount "27"]
[EventDate "2024.01.13"]
[WhiteTeam "CSC/Kingston 2"]
[BlackTeam "Crowthorne A"]

1. e4 c5 2. Nf3 d6 3. Bc4 Nc6 4. O-O Nf6 5. d3 g6 6. c3 Bg7 7. Bb3 O-O 8. Re1 e5 9. Nbd2 Re8 10. Ng5 Re7 11. Nf1 h6 12. Nf3 Be6 13. Bxe6 Rxe6 14. c4 1/2-1/2

[Event "4NCL Division Three Knights"]
[Site "Warwick, ENG"]
[Date "2024.01.13"]
[Round "3.33"]
[White "Thompson, Ian D"]
[Black "Fegan, Chris"]
[Result "1-0"]
[WhiteElo "2011"]
[BlackElo "2072"]
[PlyCount "71"]
[EventDate "2024.01.13"]
[WhiteTeam "Crowthorne A"]
[BlackTeam "CSC/Kingston 2"]

1. c4 g6 2. Nc3 Bg7 3. g3 Nf6 4. Bg2 O-O 5. Nf3 d6 6. d4 c6 7. O-O a6 8. b3 Nbd7 9. Bb2 Rb8 10. e4 e5 11. dxe5 dxe5 12. Ba3 Re8 13. Bd6 Ra8 14. c5 Bf8 15. Bxf8 Rxf8 16. b4 a5 17. a3 axb4 18. axb4 Rxa1 19. Qxa1 b6 20. Rd1 bxc5 21. Nxe5 Qc7 22. Nxd7 Nxd7 23. b5 Bb7 24. Qc1 Re8 25. Qd2 Ne5 26. f4 Nc4 27. Qe2 Nd6 28. b6 Qe7 29. Qd3 Nc8 30. Na4 c4 31. Qxc4 Nd6 32. Qb4 Nc8 33. Qxe7 Rxe7 34. Rd8+ Kg7 35. Nc5 Nxb6 36. Rb8 1-0

[Event "4NCL Division Three Knights"]
[Site "Warwick, ENG"]
[Date "2024.01.13"]
[Round "3.34"]
[White "Amato, Giampiero"]
[Black "Duckers, Harvey L"]
[Result "1/2-1/2"]
[WhiteElo "2051"]
[BlackElo "1998"]
[PlyCount "102"]
[EventDate "2024.01.13"]
[WhiteTeam "CSC/Kingston 2"]
[BlackTeam "Crowthorne A"]

1. c4 d6 2. g3 g6 3. Bg2 Bg7 4. Nc3 e5 5. e4 Nc6 6. Nge2 f5 7. exf5 gxf5 8. O-O Nf6 9. d4 O-O 10. dxe5 dxe5 11. Bg5 h6 12. Qxd8 Nxd8 13. Bxf6 Rxf6 14. f4 e4 15. Rfd1 Be6 16. b3 c6 17. Bh3 Nf7 18. Nd4 Bc8 19. Rac1 Bf8 20. Na4 b6 21. c5 b5 22. Nb2 h5 23. Rd2 Nh6 24. Nd1 Kf7 25. Ne3 Ng4 26. Nxg4 hxg4 27. Bf1 Rh6 28. b4 Rb8 29. Ra1 a5 30. a3 Rb7 31. Raa2 Be7 32. Rac2 a4 33. Rd1 Rc7 34. Rcd2 Rh8 35. h3 gxh3 36. Rh2 Bf6 37. Kf2 e3+ 38. Kxe3 Re8+ 39. Kf3 Re4 40. Ne2 Rce7 41. Kf2 Be6 42. Rxh3 Kg7 43. Ng1 Bd4+ 44. Rxd4 Rxd4 45. Nf3 Rd1 46. Ne5 Bd5 47. Be2 Rd2 48. Ke1 Rd4 49. Rh5 Kf6 50. Rh6+ Kg7 51. Rh5 Kf6 1/2-1/2

[Event "4NCL Division Three Knights"]
[Site "Warwick, ENG"]
[Date "2024.01.13"]
[Round "3.35"]
[White "Purdon, Colin"]
[Black "Lawson, Maurice E"]
[Result "1-0"]
[WhiteElo "1946"]
[BlackElo "2037"]
[PlyCount "127"]
[EventDate "2024.01.13"]
[WhiteTeam "Crowthorne A"]
[BlackTeam "CSC/Kingston 2"]

1. d4 d5 2. c4 e6 3. Nf3 Nf6 4. g3 Be7 5. Bg2 O-O 6. O-O c6 7. Nc3 b6 8. Ne5 Bb7 9. e4 dxc4 10. Nxc4 Ba6 11. b3 b5 12. Ne5 b4 13. Ne2 Nfd7 14. Nd3 Nb6 15. Bb2 N8d7 16. Rc1 Rc8 17. Re1 c5 18. dxc5 Bxd3 19. Qxd3 Nxc5 20. Qe3 Qd3 21. Qf4 Rfd8 22. Qg4 g6 23. Nf4 Qd2 24. Re2 Qd7 25. Rec2 e5 26. Qxd7 Ncxd7 27. Nd5 Kf8 28. Nxb6 Nxb6 29. Rxc8 Rxc8 30. Rxc8+ Nxc8 31. Bxe5 Nd6 32. Kf1 Nb5 33. Ke1 Bc5 34. f3 Nc3 35. a3 Nb5 36. axb4 Bxb4+ 37. Ke2 Ke7 38. Kd3 Na3 39. Bh3 Bc5 40. Bd4 Kd6 41. f4 Nb5 42. e5+ Kc6 43. Bxc5 Kxc5 44. Bg2 a5 45. Bb7 Nd4 46. Kc3 Ne6 47. Ba6 h5 48. Bc4 Nd8 49. h3 h4 50. gxh4 Ne6 51. f5 Nf4 52. Bxf7 gxf5 53. h5 Nxh3 54. h6 Ng5 55. Bg6 Kd5 56. h7 Nxh7 57. Bxh7 f4 58. Bd3 f3 59. e6 Kxe6 60. Kc4 a4 61. bxa4 Kd6 62. Kd4 f2 63. Ke3 Kc5 64. a5 1-0

[Event "4NCL Division Three Knights"]
[Site "Warwick, ENG"]
[Date "2024.01.13"]
[Round "3.36"]
[White "Sparkes, Daniel A"]
[Black "Tart, Peter K"]
[Result "1/2-1/2"]
[WhiteElo "1957"]
[BlackElo "1940"]
[PlyCount "59"]
[EventDate "2024.01.13"]
[WhiteTeam "CSC/Kingston 2"]
[BlackTeam "Crowthorne A"]

1. e4 e5 2. Nf3 Nf6 3. Nxe5 Nxe4 4. Qe2 Qe7 5. Qxe4 d6 6. d4 dxe5 7. Qxe5 Qxe5+ 8. dxe5 Nc6 9. Bb5 Bf5 10. Bxc6+ bxc6 11. c3 Bc5 12. O-O O-O-O 13. Nd2 Rhe8 14. Nb3 Bd3 15. Re1 Bb6 16. Bf4 c5 17. Rad1 c4 18. Nc1 Bc2 19. Rxd8+ Rxd8 20. h4 Rd5 21. b3 cxb3 22. axb3 Ba5 23. b4 Bb6 24. Ne2 a5 25. bxa5 Bxa5 26. Rc1 Rd1+ 27. Rxd1 Bxd1 28. Kf1 Bxe2+ 29. Kxe2 Bxc3 30. h5 1/2-1/2

[Event "4NCL Division Three Knights"]
[Site "Warwick, ENG"]
[Date "2024.01.13"]
[Round "3.41"]
[White "Elwin, Adrian G"]
[Black "Hughes, Roy"]
[Result "1/2-1/2"]
[WhiteElo "2008"]
[BlackElo "2045"]
[PlyCount "26"]
[EventDate "2024.01.13"]
[WhiteTeam "MK Phoenix"]
[BlackTeam "Iceni 1"]

1. d4 d5 2. c4 c6 3. cxd5 cxd5 4. Bf4 Nc6 5. e3 Nf6 6. Nc3 a6 7. Bd3 e6 8. Nf3 Be7 9. Ne5 Qa5 10. O-O Bd7 11. a3 b5 12. Rc1 Qb6 13. Bb1 Rc8 1/2-1/2

[Event "4NCL Division Three Knights"]
[Site "Warwick, ENG"]
[Date "2024.01.13"]
[Round "3.42"]
[White "Calvert, D Ian"]
[Black "Brown, Alan M"]
[Result "1/2-1/2"]
[WhiteElo "1996"]
[BlackElo "2015"]
[PlyCount "56"]
[EventDate "2024.01.13"]
[WhiteTeam "Iceni 1"]
[BlackTeam "MK Phoenix"]

1. b3 d5 2. Bb2 c5 3. e3 Nf6 4. Nf3 e6 5. d4 cxd4 6. exd4 Be7 7. Nbd2 O-O 8. Bd3 b6 9. O-O Ba6 10. Bxa6 Nxa6 11. Qe2 Nb4 12. Rfc1 Rc8 13. c4 Nd7 14. a3 Nc6 15. cxd5 exd5 16. Ne5 Ndb8 17. Ndf3 Re8 18. Qd3 Bf6 19. Rc2 Ne7 20. Rac1 Rxc2 21. Qxc2 Nc8 22. Qc7 Qxc7 23. Rxc7 Be7 24. Kf1 Bd6 25. Rc2 Ne7 26. a4 Rc8 27. Rxc8+ Nxc8 28. Ke2 Ne7 1/2-1/2

[Event "4NCL Division Three Knights"]
[Site "Warwick, ENG"]
[Date "2024.01.13"]
[Round "3.43"]
[White "Habershon, Paul F"]
[Black "Gilmore, Simon N"]
[Result "0-1"]
[WhiteElo "1970"]
[BlackElo "2053"]
[PlyCount "78"]
[EventDate "2024.01.13"]
[WhiteTeam "MK Phoenix"]
[BlackTeam "Iceni 1"]

1. e4 c6 2. d4 d5 3. exd5 cxd5 4. Bd3 Nc6 5. c3 Nf6 6. Nf3 Bg4 7. h3 Bh5 8. Bf4
e6 9. Nbd2 Be7 10. O-O O-O 11. Re1 Rc8 12. Qb3 Na5 13. Qa4 a6 14. g4 Bg6 15.
Bxg6 hxg6 16. Ne5 b5 17. Qc2 Nc4 18. Ndxc4 dxc4 19. Nxg6 fxg6 20. Qxg6 Qe8 21.
Qxe8 Rcxe8 22. Rxe6 Nd5 23. Bg3 Rf6 24. Re5 Nf4 25. Bxf4 Rxf4 26. Rae1 Kf7 27.
g5 g6 28. Kg2 Rf5 29. Rxf5+ gxf5 30. h4 Rh8 31. g6+ Kf6 32. d5 Bd8 33. Re6+ Kg7
34. d6 Bxh4 35. d7 Rh6 36. Kf3 Rxg6 37. Re8 Rd6 38. Ra8 Bg5 39. Ra7 Kf8 0-1

[Event "4NCL Division Three Knights"]
[Site "Warwick, ENG"]
[Date "2024.01.13"]
[Round "3.44"]
[White "Gibbs, Dominic V"]
[Black "Valentine, Brian J"]
[Result "1-0"]
[WhiteElo "1927"]
[BlackElo "1936"]
[PlyCount "47"]
[EventDate "2024.01.13"]
[WhiteTeam "Iceni 1"]
[BlackTeam "MK Phoenix"]

1. Nf3 Nf6 2. g3 e6 3. Bg2 d5 4. O-O Be7 5. d3 O-O 6. Nbd2 c5 7. e4 Nc6 8. Re1
b5 9. e5 Nd7 10. Nf1 Bb7 11. h4 Qc7 12. Bf4 Nb6 13. N1h2 d4 14. Ng5 Bxg5 15.
hxg5 Ne7 16. Qh5 Bxg2 17. Kxg2 Nbd5 18. Ng4 Ng6 19. Bd2 f5 20. exf6 gxf6 21.
Rxe6 f5 22. Rxg6+ hxg6 23. Qxg6+ Qg7 24. Qe6+ 1-0

[Event "4NCL Division Three Knights"]
[Site "Warwick, ENG"]
[Date "2024.01.13"]
[Round "3.45"]
[White "Matthews, Adrian M S"]
[Black "Reynolds, D Ian W"]
[Result "1/2-1/2"]
[WhiteElo "1850"]
[BlackElo "1904"]
[PlyCount "49"]
[EventDate "2024.01.13"]
[WhiteTeam "MK Phoenix"]
[BlackTeam "Iceni 1"]

1. e4 e5 2. Nf3 Nc6 3. Bb5 Nge7 4. c3 a6 5. Ba4 g6 6. d4 exd4 7. cxd4 b5 8. Bb3
d5 9. Ne5 Nxe5 10. dxe5 Bb7 11. Qf3 Bg7 12. Nc3 O-O 13. O-O Bxe5 14. Bh6 Bg7
15. Bxg7 Kxg7 16. Nxd5 Nxd5 17. exd5 Qf6 18. Qxf6+ Kxf6 19. Rac1 Rac8 20. Rc5
Rfd8 21. Rfc1 Rd7 22. f4 Rcd8 23. Rxc7 Bxd5 24. Rxd7 Rxd7 25. Bxd5 1/2-1/2

[Event "4NCL Division Three Knights"]
[Site "Warwick, ENG"]
[Date "2024.01.13"]
[Round "3.46"]
[White "Rosenbach, Martin"]
[Black "Shaw, John S"]
[Result "1/2-1/2"]
[WhiteElo "1895"]
[BlackElo "1787"]
[PlyCount "51"]
[EventDate "2024.01.13"]
[WhiteTeam "Iceni 1"]
[BlackTeam "MK Phoenix"]

1. c4 e5 2. g3 d6 3. Bg2 f5 4. d3 Nf6 5. Nc3 Be7 6. e4 Nc6 7. Nge2 O-O 8. O-O Qe8 9. Nd5 Nxd5 10. exd5 Nd4 11. Nxd4 exd4 12. Re1 Qf7 13. Qe2 Bf6 14. b4 Bd7 15. Qd2 Rae8 16. Bb2 Rxe1+ 17. Rxe1 b6 18. f4 Re8 19. Rxe8+ Qxe8 20. Qf2 Ba4 21. Kf1 Bd1 22. Bf3 Qa4 23. b5 Bxf3 24. Qxf3 Qxa2 25. Qe2 g6 26. Bc1 1/2-1/2

[Event "4NCL Division Three Knights"]
[Site "Warwick, ENG"]
[Date "2024.01.13"]
[Round "3.51"]
[White "Garcia Hernandez, Oscar"]
[Black "Hedger, Alec"]
[Result "1-0"]
[WhiteElo "2164"]
[BlackElo "2095"]
[PlyCount "61"]
[EventDate "2024.01.13"]
[WhiteTeam "Poole Patzers"]
[BlackTeam "Sussex Martlets 2"]

1. e4 c5 2. c3 Nf6 3. e5 Nd5 4. Nf3 e6 5. g3 Nc6 6. Bg2 Qc7 7. O-O b6 8. d4 Ba6
9. Re1 Rd8 10. Bg5 Be7 11. Qa4 Bd3 12. Na3 O-O 13. Rad1 b5 14. Nxb5 Bxb5 15.
Qxb5 Rb8 16. Qe2 cxd4 17. Bxe7 Ncxe7 18. Nxd4 d6 19. Nb5 Qa5 20. exd6 Rxb5 21.
dxe7 Nxe7 22. Rd7 Ng6 23. b4 Qb6 24. Rb7 Qxb7 25. Bxb7 Rxb7 26. a4 e5 27. h4 e4
28. h5 Ne5 29. Qxe4 Re7 30. Kg2 Rfe8 31. Qd4 1-0

[Event "4NCL Division Three Knights"]
[Site "Warwick, ENG"]
[Date "2024.01.13"]
[Round "3.52"]
[White "Nguyen, Anh"]
[Black "Waddington, Mike P"]
[Result "1/2-1/2"]
[WhiteElo "1956"]
[BlackElo "2109"]
[PlyCount "82"]
[EventDate "2024.01.13"]
[WhiteTeam "Sussex Martlets 2"]
[BlackTeam "Poole Patzers"]

1. e4 e5 2. Nf3 Nc6 3. d4 exd4 4. Nxd4 Bb4+ 5. c3 Be7 6. Bf4 Nf6 7. f3 O-O 8.
Bc4 d5 9. exd5 Nxd5 10. Bxd5 Qxd5 11. Nc2 Qxd1+ 12. Kxd1 Rd8+ 13. Nd2 Bd6 14.
Bxd6 Rxd6 15. Ne3 Be6 16. Kc2 f5 17. f4 a5 18. a4 Re8 19. Rhe1 Kf7 20. Nf3 h6
21. Rad1 Rxd1 22. Rxd1 Kf6 23. Nd4 Nxd4+ 24. Rxd4 Re7 25. c4 b6 26. b3 g5 27.
g3 Rg7 28. Kc3 gxf4 29. Rxf4 Ke5 30. Rh4 Rg6 31. Ng2 Bf7 32. Nf4 Rf6 33. Nd3+
Ke6 34. Rd4 h5 35. Nf4+ Ke7 36. Nd5+ Bxd5 37. Rxd5 Ke6 38. Rd4 Rh6 39. Kd3 c5
40. Rh4 Kf6 41. Rf4 Ke5 1/2-1/2

[Event "4NCL Division Three Knights"]
[Site "Warwick, ENG"]
[Date "2024.01.13"]
[Round "3.53"]
[White "Weatherlake, John P"]
[Black "Howell, Oliver W"]
[Result "0-1"]
[WhiteElo "2047"]
[BlackElo "1978"]
[PlyCount "112"]
[EventDate "2024.01.13"]
[WhiteTeam "Poole Patzers"]
[BlackTeam "Sussex Martlets 2"]

1. e4 e6 2. d4 d5 3. Nc3 Bb4 4. e5 Ne7 5. a3 Bxc3+ 6. bxc3 c5 7. Qg4 Qc7 8. Bd3
c4 9. Be2 Nf5 10. Bd1 Nc6 11. Ne2 Nce7 12. O-O Bd7 13. Ng3 O-O-O 14. Bg5 Rdg8
15. Nh5 h6 16. Bf4 Qa5 17. Qh3 Ng6 18. Bc1 Nfe7 19. Bg4 Nf8 20. a4 Nh7 21. Ba3
Nf5 22. Bb4 Qd8 23. Bxf5 exf5 24. Qg3 Be6 25. Bc5 b6 26. Bd6 g6 27. Nf4 Ng5 28.
Qe3 Ne4 29. a5 b5 30. a6 Nxd6 31. Nxe6 fxe6 32. exd6 Qxd6 33. Rfb1 Qb6 34. Rb4
Kd7 35. Rab1 Qxa6 36. Qe5 Qd6 37. Rxb5 Qxe5 38. dxe5 Rc8 39. Kf1 Rc7 40. Ra5
Ra8 41. Ra6 Ke7 42. Ke2 Rd8 43. Ke3 g5 44. h4 g4 45. Kd4 f4 46. Rba1 Rdd7 47.
g3 f3 48. Ke3 Rb7 49. Kf4 d4 50. Kxg4 d3 51. Rd6 dxc2 52. Rc1 Rb2 53. Rxd7+
Kxd7 54. Kxf3 a5 55. Ke3 a4 56. Kd2 a3 0-1

[Event "4NCL Division Three Knights"]
[Site "Warwick, ENG"]
[Date "2024.01.13"]
[Round "3.54"]
[White "Graham, William M"]
[Black "Bowden, Madison B"]
[Result "1/2-1/2"]
[WhiteElo "1941"]
[BlackElo "1990"]
[PlyCount "56"]
[EventDate "2024.01.13"]
[WhiteTeam "Sussex Martlets 2"]
[BlackTeam "Poole Patzers"]

1. c4 Nf6 2. g3 d6 3. Bg2 e5 4. Nc3 Nc6 5. e4 Be6 6. d3 Be7 7. Nge2 Qd7 8. Nd5 O-O-O 9. h3 h6 10. Be3 Kb8 11. Qd2 Rdf8 12. b4 Nd8 13. b5 Bxd5 14. exd5 g5 15. a4 Nh5 16. g4 Ng7 17. O-O-O f5 18. f3 b6 19. Kb1 Nb7 20. Nc1 f4 21. Bf2 a6 22. Nb3 Nc5 23. Bxc5 dxc5 24. Rde1 Bf6 25. Kc2 Ne8 26. Qf2 Nd6 27. Nd2 Re8 28. Bf1 Qg7 1/2-1/2

[Event "4NCL Division Three Knights"]
[Site "Warwick, ENG"]
[Date "2024.01.13"]
[Round "3.55"]
[White "O'neill, Martin"]
[Black "Blades, Kit"]
[Result "0-1"]
[WhiteElo "1848"]
[BlackElo "1937"]
[PlyCount "72"]
[EventDate "2024.01.13"]
[WhiteTeam "Poole Patzers"]
[BlackTeam "Sussex Martlets 2"]

1. c4 Nf6 2. Nc3 e6 3. e4 d6 4. d4 Be7 5. Be3 O-O 6. Be2 e5 7. d5 Na6 8. f3 Nh5
9. Qd2 c6 10. O-O-O Qa5 11. g3 Nb4 12. a3 Na6 13. f4 Nf6 14. f5 cxd5 15. cxd5
Bd7 16. Bxa6 bxa6 17. h3 Rfc8 18. Kb1 Rab8 19. Ka1 Rb3 20. Nge2 Bb5 21. Nc1
Rbxc3 22. bxc3 Nxe4 23. Qb2 Rxc3 24. Bd2 Nxd2 25. Rxd2 Rxa3+ 26. Kb1 h6 27. g4
Bg5 28. Rc2 Bxc1 29. Rc8+ Kh7 30. Rhxc1 Bd3+ 31. R8c2 Bxc2+ 32. Rxc2 Qe1+ 33.
Rc1 Qe4+ 34. Rc2 Qd3 35. Kc1 Qf1+ 36. Kd2 Rd3# 0-1

[Event "4NCL Division Three Knights"]
[Site "Warwick, ENG"]
[Date "2024.01.13"]
[Round "3.56"]
[White "Buckland, Louis"]
[Black "Clancy, Martin J"]
[Result "1-0"]
[WhiteElo "1887"]
[BlackElo "1840"]
[PlyCount "61"]
[EventDate "2024.01.13"]
[WhiteTeam "Sussex Martlets 2"]
[BlackTeam "Poole Patzers"]

1. d4 Nf6 2. c4 g6 3. Nc3 Bg7 4. e4 d6 5. Be2 O-O 6. Bg5 c6 7. Qd2 e5 8. d5 Qa5
9. dxc6 Nxc6 10. Bxf6 Bxf6 11. Qxd6 Be6 12. Qd2 Be7 13. Nf3 Rfd8 14. Qc1 Bb4
15. O-O Bxc3 16. Qxc3 Qxc3 17. bxc3 b6 18. Rfd1 f6 19. Rab1 Rac8 20. a3 Kf7 21.
Rxd8 Rxd8 22. g3 Ke7 23. Kf1 Rc8 24. c5 bxc5 25. Rb7+ Bd7 26. Bb5 Ke6 27. Nd2
Nb8 28. Bc4+ Ke7 29. Bd5 Kd8 30. Rxa7 h5 31. Nc4 1-0